[Event "NCL978 NW Eagles-Wood Green"]
[Site "Rd10"]
[Date "1998.05.24"]
[Round "10.5"]
[White "Merriman, John"]
[Black "Littlewood, Paul"]
[Result "0-1"]
[WhiteElo "2255"]
[BlackElo "2435"]
[PlyCount "62"]
[EventDate "1998.05.24"]

1. d4 Nf6 2. c4 e6 3. Nc3 Bb4 4. e3 O-O 5. Nge2 d5 6. a3 Be7 7. cxd5 exd5 8.
Ng3 Re8 9. Bd3 c6 10. O-O Bd6 11. Re1 Bg4 12. Qc2 Bxg3 13. hxg3 Nbd7 14. b4 Bh5
15. f3 Nb6 16. g4 Bg6 17. Bxg6 hxg6 18. Qf2 Nc4 19. Qh4 a5 20. Rb1 axb4 21.
axb4 b5 22. Re2 Nh7 23. Qh2 f5 24. gxf5 gxf5 25. g4 fxg4 26. fxg4 Qd6 27. Qh4
Qg6 28. e4 dxe4 29. Bf4 e3 30. Rbe1 Ra3 31. Nd1 Re4 0-1

[Event "NCL978 NW Eagles-Wood Green"]
[Site "Rd10"]
[Date "1998.05.24"]
[Round "10.6"]
[White "Sowray, Peter"]
[Black "Giblin, William"]
[Result "1/2-1/2"]
[WhiteElo "2350"]
[BlackElo "2160"]
[PlyCount "89"]
[EventDate "1998.05.24"]

1. c4 Nf6 2. Nf3 e6 3. g3 b6 4. Bg2 Bb7 5. O-O Be7 6. Nc3 O-O 7. Re1 d5 8. cxd5
Nxd5 9. e4 Nxc3 10. bxc3 Nd7 11. d4 c5 12. Bf4 cxd4 13. cxd4 Bb4 14. Re3 Nf6
15. Ne5 h6 16. h4 Rc8 17. g4 Bc3 18. Rc1 Qxd4 19. Rd3 Qb4 20. g5 Nxe4 21. a3
Qb2 22. Rc2 Qxc2 23. Qxc2 Bxe5 24. Qe2 Bxf4 25. Bxe4 Bxe4 26. Qxe4 hxg5 27. Kg2
Rc5 28. Rd7 Ra5 29. a4 Bb8 30. h5 b5 31. axb5 Rxb5 32. Qd3 Rd5 33. Rxd5 exd5
34. Qxd5 Bf4 35. Qa5 Ra8 {(Draw offer)} 36. Qa6 Re8 37. Qxa7 Re6 38. Qa8+ Kh7
39. Qf8 Rf6 40. f3 Bd6 41. Qd8 Bf4 42. Kh3 Rh6 43. Kg4 f5+ 44. Kxf5 Rxh5 45.
Qe8 1/2-1/2

[Event "NCL978 NW Eagles-Wood Green"]
[Site "Rd10"]
[Date "1998.05.24"]
[Round "10.7"]
[White "Ilecki, Wojtech"]
[Black "Law, Andrew"]
[Result "0-1"]
[WhiteElo "2170"]
[BlackElo "2325"]
[PlyCount "80"]
[EventDate "1998.05.24"]

1. e4 e5 2. Nf3 Nc6 3. Bb5 a6 4. Ba4 Nf6 5. O-O Bc5 6. c3 b5 7. Bb3 d6 8. a4
Bg4 9. h3 Bh5 10. d3 Rb8 11. axb5 axb5 12. Bg5 h6 13. Be3 O-O 14. Nbd2 Nd7 15.
Qe2 Re8 16. Rfd1 Bxe3 {(Draw offer)} 17. Qxe3 Nc5 18. Ba2 Qf6 19. Bd5 Ne7 20.
Ra7 c6 21. Bb3 Bxf3 22. gxf3 Nxb3 23. Nxb3 Ng6 24. f4 Nxf4 25. Kh2 b4 26. c4 c5
27. Rda1 Re6 28. Rg1 Qd8 29. Rg4 Ra8 30. Rxa8 Qxa8 31. d4 cxd4 32. Nxd4 exd4
33. Qxf4 h5 34. Rh4 g6 35. Qd2 Rxe4 36. Rxe4 Qxe4 37. Qxb4 Qf4+ 38. Kg2 d3 39.
Kf1 Qf3 40. Kg1 Qe2 0-1

[Event "NCL978 Slough-Guildford"]
[Site "Rd10"]
[Date "1998.05.24"]
[Round "10.1"]
[White "Adams, Michael"]
[Black "King, Danny"]
[Result "1/2-1/2"]
[WhiteElo "2670"]
[BlackElo "2530"]
[PlyCount "53"]
[EventDate "1998.05.24"]

1. e4 c5 2. Nf3 d6 3. d4 cxd4 4. Nxd4 Nf6 5. Nc3 a6 6. Be2 e5 7. Nb3 Be7 8. O-O
O-O 9. Kh1 b6 10. a4 Bb7 11. f3 Nc6 12. Nd5 Nxd5 13. exd5 Nb4 14. c4 a5 15. Bd2
Na6 16. f4 Bf6 17. Bc3 exf4 18. Bxf6 Qxf6 19. Qd2 Rae8 20. Bd3 Qe5 21. Rae1 Qg5
22. Rxe8 Rxe8 23. Rxf4 Nc5 24. Nxc5 bxc5 25. Kg1 g6 26. g3 Qe7 27. Re4 1/2-1/2

[Event "NCL978 Slough-Guildford"]
[Site "Rd10"]
[Date "1998.05.24"]
[Round "10.2"]
[White "Kinsman, Andrew"]
[Black "Hodgson, Julian"]
[Result "1-0"]
[WhiteElo "2430"]
[BlackElo "2580"]
[PlyCount "61"]
[EventDate "1998.05.24"]

1. d4 d6 2. e4 Nf6 3. Nc3 g6 4. Nf3 Bg7 5. Be3 c6 6. Qd2 Qa5 7. h3 Na6 8. a4 b5
9. Bd3 b4 10. Ne2 c5 11. c3 bxc3 12. bxc3 O-O 13. O-O Rb8 14. e5 Nd5 15. exd6
Nxe3 16. dxe7 Nxf1 17. exf8=Q+ Kxf8 18. Kxf1 cxd4 19. Nfxd4 Qc7 20. Nb5 Qd7 21.
Qe3 Bb7 22. Rd1 Re8 23. Qxa7 Qc6 24. f3 Nc5 25. Ned4 Bxd4 26. Nxd4 Qc7 27. Nb5
Qc6 28. Nd4 Qd6 29. Nb5 Qxd3+ 30. Rxd3 Nxd3 31. Kg1 1-0

[Event "NCL978 Slough-Guildford"]
[Site "Rd10"]
[Date "1998.05.24"]
[Round "10.5"]
[White "Miles, Anthony"]
[Black "Thompson, Ian"]
[Result "1-0"]
[WhiteElo "2595"]
[BlackElo "2275"]
[PlyCount "91"]
[EventDate "1998.05.24"]

1. d4 e6 2. c4 Nf6 3. Nf3 b6 4. Nc3 Bb7 5. a3 d5 6. Bg5 Be7 7. Qa4+ c6 8. Bxf6
Bxf6 9. cxd5 exd5 10. g3 O-O 11. Rd1 Re8 12. Bg2 Nd7 13. O-O Qc7 14. Qc2 c5 15.
e3 Rad8 16. dxc5 Qxc5 17. Nd4 Ne5 18. Rc1 g6 19. Rfd1 Qe7 20. Qb3 Nc4 21. Nxd5
Bxd5 22. Bxd5 Rxd5 23. Rxc4 Red8 24. Qc2 Qd7 25. Rc7 Qg4 26. Rxa7 Bxd4 27. Rxd4
Rxd4 28. exd4 Qxd4 29. Ra4 Qe5 30. Kg2 h5 31. Rf4 Qd5+ 32. Qe4 Qb3 33. Qc4 Qxc4
34. Rxc4 Rd6 35. h4 Kg7 36. Rb4 Kf6 37. Kf3 Ke6 38. Ke3 f6 39. Re4+ Kf7 40. Rd4
Re6+ 41. Kd3 g5 42. a4 Kg6 43. b4 Re1 44. hxg5 Kxg5 45. Kc4 Re2 46. Kb5 1-0

[Event "NCL978 Slough-Guildford"]
[Site "Rd10"]
[Date "1998.05.24"]
[Round "10.6"]
[White "Anderton, Matthew"]
[Black "Summerscale, Aaron"]
[Result "1/2-1/2"]
[WhiteElo "2260"]
[BlackElo "2440"]
[PlyCount "131"]
[EventDate "1998.05.24"]

1. e4 c5 2. c3 d5 3. exd5 Qxd5 4. d4 Nf6 5. Nf3 Bg4 6. Be2 cxd4 7. cxd4 e6 8.
O-O Nc6 9. Nc3 Qd6 10. Be3 Be7 11. h3 Bh5 12. Qd2 O-O 13. Rac1 Rfd8 14. Rfd1
Nd5 15. Ne4 Qb4 16. Qxb4 Ncxb4 17. a3 Nxe3 18. fxe3 Nd5 19. Kf2 Rac8 20. Nc5
Rc7 21. Bc4 Nb6 22. Bb3 Rdc8 23. g4 Bg6 24. Ne5 Bd6 25. Nxg6 hxg6 26. Nd3 Nc4
27. Bxc4 Rxc4 28. Rxc4 Rxc4 29. Rc1 Rxc1 30. Nxc1 e5 31. Nd3 e4 32. Nc1 f5 33.
Ne2 Kf7 34. Ng3 Ke6 35. h4 Kf6 36. a4 a6 37. b3 b5 38. axb5 axb5 39. Kg2 b4 40.
Kf2 Bc7 41. Kg2 Ke6 42. h5 f4 43. Nxe4 gxh5 44. gxh5 fxe3 45. Kf3 Kd5 46. Kxe3
Bh2 47. Kd3 Bg1 48. Nc5 Bxd4 49. Na6 Bc3 50. Ke3 Ke5 51. h6 gxh6 52. Kf3 Kf5
53. Kg3 Be1+ 54. Kg2 Kg4 55. Kh2 Bg3+ 56. Kg2 Bd6 57. Kh1 Kf3 58. Kg1 Ke3 59.
Kg2 Kd4 60. Nxb4 Bxb4 61. Kh1 Ke4 62. Kg2 Kf4 63. Kh2 Kf3 64. Kh1 Kg3 65. Kg1
Bc5+ 66. Kh1 1/2-1/2

[Event "NCL978 Slough-Guildford"]
[Site "Rd10"]
[Date "1998.05.24"]
[Round "10.7"]
[White "Conquest, Stuart"]
[Black "Webb, Richard"]
[Result "1-0"]
[WhiteElo "2470"]
[BlackElo "2315"]
[PlyCount "63"]
[EventDate "1998.05.24"]

1. d4 Nf6 2. c4 g6 3. Nc3 d5 4. cxd5 Nxd5 5. Bd2 Bg7 6. e4 Nb6 7. Be3 O-O 8. h3
e5 9. Nf3 exd4 10. Bxd4 Nc6 11. Bxg7 Kxg7 12. Bb5 Qf6 13. Bxc6 Qxc6 14. O-O Be6
15. Qd4+ Kg8 16. Rfd1 Rad8 17. Qxd8 Rxd8 18. Rxd8+ Kg7 19. Nd4 Qc4 20. Rd1 a5
21. a3 c5 22. Nxe6+ Qxe6 23. Rb8 Qc6 24. Rdd8 Nc4 25. g4 Kh6 26. Rd5 Nb6 27.
g5+ Kh5 28. Rh8 Nxd5 29. exd5 Qc7 30. Ne4 f6 31. d6 Qg7 32. Rxh7+ 1-0

[Event "NCL978 SW Dragons-Bristol"]
[Site "Rd11"]
[Date "1998.05.25"]
[Round "11.1"]
[White "Cummings, David"]
[Black "Ansell, Simon"]
[Result "1/2-1/2"]
[WhiteElo "2385"]
[BlackElo "2380"]
[PlyCount "30"]
[EventDate "1998.05.25"]

1. Nf3 d5 2. d4 Nf6 3. c4 c6 4. e3 Bf5 5. cxd5 cxd5 6. Qb3 Qc7 7. Bd2 Nc6 8.
Bb5 e6 9. Bb4 Bxb4+ 10. Qxb4 Bxb1 11. Rxb1 Qe7 12. Bxc6+ bxc6 13. Qxe7+ Kxe7
14. Ne5 Rhc8 15. Rc1 Nd7 1/2-1/2

[Event "NCL978 SW Dragons-Bristol"]
[Site "Rd11"]
[Date "1998.05.25"]
[Round "11.2"]
[White "Beaumont, Chris"]
[Black "Cooper, John"]
[Result "0-1"]
[WhiteElo "2335"]
[BlackElo "2335"]
[PlyCount "74"]
[EventDate "1998.05.25"]

1. Nf3 Nf6 2. c4 b6 3. g3 Bb7 4. Bg2 e6 5. O-O Be7 6. Nc3 O-O 7. d4 Na6 8. d5
Bb4 9. Nh4 c6 10. e4 cxd5 11. cxd5 Nc5 12. Qd4 Bxc3 13. bxc3 d6 14. Ba3 exd5
15. exd5 Qd7 16. c4 Rae8 17. Rfe1 Bc8 18. Bxc5 bxc5 19. Qf4 h6 20. h3 Re7 21.
Rxe7 Qxe7 22. Nf3 g5 23. Qd2 Qe4 24. Re1 Qxc4 25. Nxg5 Qb4 26. Qxb4 cxb4 27.
Ne4 Nxd5 28. Nxd6 Be6 29. Re5 Nc3 30. Ra5 Rd8 31. Ne4 Rd1+ 32. Kh2 Nxe4 33.
Bxe4 Rd2 34. Rxa7 Rxf2+ 35. Kg1 Re2 36. Bc6 Rxa2 37. Rb7 b3 0-1

[Event "NCL978 SW Dragons-Bristol"]
[Site "Rd11"]
[Date "1998.05.25"]
[Round "11.3"]
[White "Dyce, Andrew"]
[Black "Buckley, Graeme"]
[Result "1/2-1/2"]
[WhiteElo "2230"]
[BlackElo "2315"]
[PlyCount "276"]
[EventDate "1998.05.25"]

1. e4 e6 2. d3 d5 3. Nd2 Nf6 4. Ngf3 Nc6 5. c3 a5 6. Be2 g6 7. O-O Bg7 8. Re1
O-O 9. Qc2 b6 10. b3 e5 11. Bf1 Re8 12. Bb2 Bb7 13. a3 Qd6 14. b4 axb4 15. axb4
Rxa1 16. Bxa1 b5 17. exd5 Nxd5 18. Ne4 Qd8 19. Nc5 Ba8 20. Qb3 Nf4 21. Nd2 Nh3+
22. Kh1 Nxf2+ 23. Kg1 Nh3+ 24. Kh1 Qh4 25. Nf3 Qf4 26. Ne4 Ne7 27. Bb2 Bd5 28.
Qc2 Ra8 29. gxh3 Qxf3+ 30. Bg2 Qh5 31. c4 bxc4 32. dxc4 Bxe4 33. Qxe4 Rd8 34.
b5 Nf5 35. c5 Qg5 36. b6 cxb6 37. cxb6 Qd2 38. Bc1 Qa5 39. b7 Nd6 40. Qe2 e4
41. Bf4 Nxb7 42. Qxe4 Nc5 43. Qe2 Ne6 44. Bg3 h5 45. Rf1 Qb4 46. Qf3 Rf8 47.
Qc6 Nd4 48. Qd5 Nf5 49. Qb7 Qc3 50. Qc6 Nxg3+ 51. hxg3 Qxg3 52. Qf3 Qh4 53. Qe4
Qxe4 54. Bxe4 Rd8 55. Kg2 Be5 56. Rf2 Kg7 57. Bf3 Kh6 58. Re2 Bb8 59. Ra2 Rd4
60. Rb2 Bd6 61. Rf2 f5 62. Re2 Kg5 63. Re1 Rb4 64. Re2 Bc5 65. Rc2 Be3 66. Be2
Rb1 67. Bf3 Bd4 68. Rd2 Rb4 69. Rc2 Kf4 70. Bd5 Rb6 71. Re2 g5 72. Bf7 g4 73.
Bxh5 gxh3+ 74. Kh2 Rh6 75. Bf7 Kf3 76. Ra2 Be5+ 77. Kh1 Rd6 78. Bh5+ Kg3 79.
Rc2 Rb6 80. Rd2 Rb3 81. Be2 Rb1+ 82. Rd1 Rb2 83. Bc4 f4 84. Rg1+ Kh4 85. Re1
Bc7 86. Bd5 Rd2 87. Bc6 Bb6 88. Rf1 Be3 89. Be4 Rd4 90. Bc6 Rd2 91. Be4 Kg4 92.
Bc6 Bf2 93. Be4 f3 94. Bc6 Kf4 95. Bb7 Kg3 96. Bc6 Rb2 97. Bd5 Kf4 98. Bc6 Ke3
99. Kh2 Be1+ 100. Kxh3 f2 101. Kg2 Rb6 102. Bd5 Rg6+ 103. Kh2 Rg5 104. Bb7 Rb5
105. Ba6 Rh5+ 106. Kg2 Rg5+ 107. Kh2 Rg7 108. Rh1 $2 Bc3 $2 109. Rb1 Be5+ 110.
Kh3 Rg3+ 111. Kh4 Rg1 112. Rf1 Bc3 113. Kh3 Be5 114. Kh4 Kf3 115. Bb7+ Ke3 116.
Ba6 Bd4 {(The scoresheet gives "116...Be5" here but it is hard to deduce what
was actually played. It must have been a bishop move as the next recorded move
with the bishop was also Be5. Bd4 seems to make the most sense)} 117. Kh3 Kf3
118. Kh4 $2 Kf4 119. Kh3 Rg3+ 120. Kh2 Rg6 121. Bd3 Rg7 122. Bc4 Kf3 123. Bd5+
Ke3 124. Bc4 Rg5 125. Ba6 Ra5 126. Bb7 Ke2 127. Bg2 Rh5+ 128. Kg3 Be5+ $2 129.
Kg4 Rh2 $2 130. Bh3 Bc3 131. Rb1 Be1 132. Rb2+ Kd3 133. Rb3+ Kc2 134. Rf3 Rh1
135. Bg2 Rh2 136. Bf1 Rh8 137. Rf7 Rg8+ 138. Kf3 Kb2 {(Arbiter's note : "138
moves, 61 of which were made in Buckley's last 5 minutes of the quickplay
finish - during which time Dyce kept an impeccable scoresheet")} 1/2-1/2

[Event "NCL978 SW Dragons-Bristol"]
[Site "Rd11"]
[Date "1998.05.25"]
[Round "11.4"]
[White "Collier, David"]
[Black "Morris, Charles"]
[Result "1/2-1/2"]
[WhiteElo "2230"]
[BlackElo "2245"]
[PlyCount "130"]
[EventDate "1998.05.25"]

1. d4 d5 2. Bg5 c6 3. e3 Qd6 4. c3 Qg6 5. Nf3 f6 6. Bf4 Nd7 7. h3 Qf7 8. Nbd2
g6 9. c4 e6 10. cxd5 exd5 11. Bd3 Ne7 12. Qc2 Nb6 13. g4 g5 14. Bg3 h5 15.
O-O-O hxg4 16. hxg4 Rxh1 17. Rxh1 Bxg4 18. Ne1 Nbc8 19. Nb3 a5 20. f3 Bh5 21.
Nc5 b5 22. Nb7 Bg6 23. e4 dxe4 24. fxe4 Qxa2 25. Rh8 a4 26. Nd6+ Nxd6 27. Bxd6
Qe6 28. Ba3 Kf7 29. Nf3 Ng8 30. e5 Bxd3 31. Qxd3 Qc4+ 32. Qxc4+ bxc4 33. exf6
Bxa3 34. bxa3 Kxf6 35. Ne5 c5 36. Nxc4 cxd4 37. Kd2 Kg7 38. Rh1 Rb8 39. Kd3 Rd8
40. Nb6 Nf6 41. Rg1 Kg6 42. Nxa4 Nd5 43. Nc5 Nf4+ 44. Kd2 Rh8 45. Ne4 Rh2+ 46.
Kd1 Ne6 47. Rf1 Nf4 48. Rg1 Ng2 49. Nd2 Ne3+ 50. Kc1 Rh3 51. a4 g4 52. Nb3 Kf5
{#} 53. Nxd4+ Ke4 54. Ne2 Kf3 55. Kd2 Kf2 56. a5 Rh6 (56... Nc4+ 57. Kc2 Ne5)
57. Ra1 Rd6+ 58. Kc3 Kxe2 59. a6 Nd5+ 60. Kd4 Nc7+ 61. Ke5 Rg6 62. Kf5 Rg8 63.
Kf4 g3 64. Ra2+ Ke1 65. Kf3 g2 1/2-1/2

[Event "NCL978 SW Dragons-Bristol"]
[Site "Rd11"]
[Date "1998.05.25"]
[Round "11.5"]
[White "Zeidler, Sven"]
[Black "Rudd, Jack"]
[Result "0-1"]
[WhiteElo "2255"]
[BlackElo "2165"]
[PlyCount "86"]
[EventDate "1998.05.25"]

1. e4 c5 2. Nc3 Nc6 3. Bb5 g6 4. Bxc6 bxc6 5. f4 Bg7 6. Nf3 d6 7. d3 Nf6 8. O-O
O-O 9. Qe1 Rb8 10. b3 Nh5 11. f5 d5 12. g4 dxe4 13. dxe4 Nf6 14. Bf4 Ba6 15.
Rd1 Qc8 16. Bxb8 Qxb8 17. g5 Ng4 18. Qd2 Bxf1 19. Kxf1 Bxc3 20. Qxc3 Qf4 21.
Rd2 Qxe4 22. Re2 Qf4 23. h3 gxf5 24. Kg2 h5 25. Qd2 Qxd2 26. Nxd2 e6 27. hxg4
hxg4 28. Nc4 Rd8 29. Rd2 Rxd2+ 30. Nxd2 Kg7 31. Nc4 Kg6 32. Ne5+ Kxg5 33. Nxc6
f4 34. Ne5 f5 35. Nd3 f3+ 36. Kf2 f4 37. c4 Kf5 38. Nxc5 e5 39. b4 e4 40. Nb3
e3+ 41. Kf1 g3 42. Nd4+ Ke4 43. Nc2 f2 0-1

[Event "NCL978 SW Dragons-Bristol"]
[Site "Rd11"]
[Date "1998.05.25"]
[Round "11.6"]
[White "Easton, Alex"]
[Black "James, David J"]
[Result "1-0"]
[WhiteElo "2096"]
[BlackElo "2255"]
[PlyCount "43"]
[EventDate "1998.05.25"]

1. Nf3 Nf6 2. c4 e6 3. Nc3 c5 4. g3 b6 5. Bg2 Bb7 6. O-O Be7 7. d4 cxd4 8. Qxd4
d6 9. Rd1 a6 10. b3 Nbd7 11. e4 O-O 12. Ba3 Nc5 13. e5 dxe5 14. Qxd8 Rfxd8 15.
Nxe5 Bxg2 16. Kxg2 Bf8 17. Bxc5 Bxc5 18. Na4 Rdc8 19. b4 Bxb4 20. Nxb6 Bc3 21.
Nxc8 Rxc8 22. Nc6 1-0

[Event "NCL978 SW Dragons-Bristol"]
[Site "Rd11"]
[Date "1998.05.25"]
[Round "11.7"]
[White "Saunders, John"]
[Black "Buckley, Simon"]
[Result "1/2-1/2"]
[WhiteElo "2225"]
[BlackElo "2105"]
[PlyCount "48"]
[EventDate "1998.05.25"]

1. e4 c5 2. c3 d6 3. d4 Nf6 4. Bd3 Qc7 5. h3 g6 6. Nf3 Bg7 7. O-O Nfd7 8. Be3
O-O 9. Qd2 Nc6 10. a4 b6 11. Bh6 e5 12. Bxg7 Kxg7 13. Na3 a6 14. dxe5 Ndxe5 15.
Nxe5 dxe5 16. Rad1 Be6 17. Qe2 Na5 18. Bxa6 Bb3 19. Rd2 Rfd8 20. Rxd8 Rxd8 21.
Nc4 Nxc4 22. Bxc4 Bxa4 23. Bd5 Bc6 24. Rd1 Rd7 1/2-1/2

[Event "NCL978 SW Dragons-Bristol"]
[Site "Rd11"]
[Date "1998.05.25"]
[Round "11.8"]
[White "Buckley, Melanie"]
[Black "Cast, Abigail"]
[Result "1/2-1/2"]
[WhiteElo "2010"]
[BlackElo "2120"]
[PlyCount "55"]
[EventDate "1998.05.25"]

1. e4 e6 2. Nc3 d5 3. Nf3 Nf6 4. e5 Nfd7 5. d4 c5 6. dxc5 Nc6 7. Bf4 f6 8. exf6
Qxf6 9. Bg3 Bxc5 10. Bd3 Bb4 11. O-O Bxc3 12. bxc3 Qxc3 13. Ng5 Nf6 14. Re1 O-O
15. Nxe6 Bxe6 16. Rxe6 Rfe8 17. Qe1 Qxe1+ 18. Raxe1 Kf7 19. Rxe8 Rxe8 20. Rxe8
Kxe8 21. a3 g6 22. Kf1 Kd7 23. h3 Ke6 24. Ke2 Ne5 25. f3 Nc4 26. Bxc4 dxc4 27.
Kd2 Nd5 28. Bb8 1/2-1/2

[Event "NCL978 Guildford-BCM"]
[Site "Rd11"]
[Date "1998.05.25"]
[Round "11.1"]
[White "King, Danny"]
[Black "Rogers, Ian"]
[Result "0-1"]
[WhiteElo "2530"]
[BlackElo "2570"]
[PlyCount "102"]
[EventDate "1998.05.25"]

1. e4 d5 2. exd5 Qxd5 3. Nc3 Qa5 4. d4 Nf6 5. Bc4 c6 6. Bd2 Bf5 7. Nd5 Qd8 8.
Nxf6+ gxf6 9. Bf4 Nd7 10. Nf3 Nb6 11. Bb3 a5 12. a4 Nd5 13. Bg3 Bh6 14. O-O O-O
15. Nh4 Bg6 16. Qf3 e6 17. Rad1 b5 18. Rfe1 Bg7 19. Nxg6 hxg6 20. Bh4 Qd6 21.
c3 Rfc8 22. g4 Ra7 23. Bg3 Qd7 24. Re2 bxa4 25. Bxa4 Nb6 26. Bc2 a4 27. Ra1 c5
28. Rd1 c4 29. Ra1 Rca8 30. Be4 Nd5 31. Ra3 Rb7 32. h4 f5 33. gxf5 gxf5 34.
Bxd5 Qxd5 35. Qxd5 exd5 36. Bd6 Bf6 37. h5 Kh7 38. Kg2 Rb6 39. Bc5 Re6 40. Kf3
Kh6 41. Ra1 Re4 42. Rxe4 fxe4+ 43. Kf4 Bh4 44. f3 Bg5+ 45. Ke5 e3 46. Re1 Re8+
47. Kxd5 e2 48. Bd6 Bh4 49. Bf4+ Kxh5 50. Bd2 Bxe1 51. Bxe1 Rb8 0-1

[Event "NCL978 Guildford-BCM"]
[Site "Rd11"]
[Date "1998.05.25"]
[Round "11.2"]
[White "Chandler, Murray"]
[Black "Kinsman, Andrew"]
[Result "1-0"]
[WhiteElo "2555"]
[BlackElo "2430"]
[PlyCount "61"]
[EventDate "1998.05.25"]

1. e4 e6 2. d4 d5 3. Nc3 Bb4 4. e5 c5 5. a3 Bxc3+ 6. bxc3 Qc7 7. Qg4 f5 8. Qh5+
g6 9. Qd1 Bd7 10. Nf3 Ba4 11. dxc5 Nd7 12. Qd4 Nxc5 13. Bd3 h6 14. O-O Ne7 15.
Be3 b6 16. Qh4 Qd7 17. Bg5 Ng8 18. Bf6 Rh7 19. Rfe1 Rc8 20. Nd4 Nxd3 21. cxd3
Bb5 22. Rac1 Ba6 23. Qg3 Kf7 24. h4 Qe8 25. Qf3 Kf8 26. Ne2 Nxf6 27. exf6 Rf7
28. Nf4 Rxf6 29. Nxd5 Rf7 30. Qf4 Bxd3 31. Qd6+ 1-0

[Event "NCL978 Guildford-BCM"]
[Site "Rd11"]
[Date "1998.05.25"]
[Round "11.3"]
[White "Povah, Nigel"]
[Black "Mestel, Jonathan"]
[Result "0-1"]
[WhiteElo "2335"]
[BlackElo "2480"]
[PlyCount "62"]
[EventDate "1998.05.25"]

1. d4 g6 2. e4 d6 3. Nc3 c6 4. Be3 Bg7 5. Qd2 Nd7 6. f4 b5 7. Bd3 Ngf6 8. Nf3
b4 9. Ne2 Rb8 10. c4 bxc3 11. bxc3 Qa5 12. c4 Qa3 13. Rc1 c5 14. Rc3 Qa4 15.
Qc2 Qxc2 16. Bxc2 Bb7 17. Nd2 O-O 18. h3 Nh5 19. O-O Ng3 20. Nxg3 cxd4 21. Rd3
dxe3 22. Nf3 Bh6 23. Nh2 e5 24. Rxd6 exf4 25. Rxd7 Bc8 26. Re7 fxg3 27. Nf3 Rb2
28. Bb3 e2 29. Ra1 Rd8 30. Ne1 Be3+ 31. Kh1 Be6 0-1

[Event "NCL978 Guildford-BCM"]
[Site "Rd11"]
[Date "1998.05.25"]
[Round "11.4"]
[White "Wall, Tim"]
[Black "Webb, Richard"]
[Result "1/2-1/2"]
[WhiteElo "2375"]
[BlackElo "2315"]
[PlyCount "161"]
[EventDate "1998.05.25"]

1. d4 Nf6 2. Bg5 e6 3. e4 h6 4. Bxf6 Qxf6 5. Nc3 d6 6. Qd2 g5 7. Bc4 Bg7 8.
Nge2 Nc6 9. Rd1 Bd7 10. O-O O-O-O 11. b4 Qg6 12. b5 Ne7 13. Bd3 f5 14. exf5
exf5 15. a4 Qf7 16. f4 Bf6 17. a5 Rhg8 18. Kh1 Kb8 19. Rb1 Be6 20. Nd1 Qg7 21.
c3 Nd5 22. Ne3 gxf4 23. Nxf4 Nxf4 24. Rxf4 Bg5 25. Rbf1 Bxf4 26. Rxf4 Rde8 27.
Qf2 Bd7 28. Bf1 Re4 29. Rf3 f4 30. Nd5 Bg4 31. Rxf4 Rxf4 32. Nxf4 Qf7 33. g3
Re8 34. a6 Qe7 35. axb7 Qe3 36. Qxe3 Rxe3 37. c4 Rc3 38. Kg1 Rc2 39. Bd3 Rd2
40. Be4 Rxd4 41. Bd5 Bd7 42. Kf2 a5 43. bxa6 c6 44. Ke3 Rd1 45. Bf3 Ra1 46. c5
Ra3+ 47. Kf2 Rxa6 48. cxd6 Kxb7 49. Nd3 Ra5 50. g4 Be6 51. Ke3 Bd5 52. Be2 c5
53. Ne5 Ra3+ 54. Kf4 c4 55. Kf5 c3 56. Bd3 Ra2 57. Kf6 Bc6 58. Ke7 c2 59. Bxc2
Rxc2 60. d7 Bxd7 61. Nxd7 Rxh2 62. Nf6 Kc6 63. Ke6 Rh4 64. Kf5 Kd6 65. g5 hxg5
66. Kxg5 Rh1 67. Ng4 Rf1 68. Ne3 Rf3 69. Ng4 Ke6 70. Kg6 Rf5 71. Nh6 Ra5 72.
Ng4 Rb5 73. Nh6 Ke5 74. Ng4+ Kf4 75. Nf6 Rb6 76. Kf7 Kf5 77. Nd7 Re6 78. Nf8
Rh6 79. Ke7 Ra6 80. Nd7 Re6+ 81. Kf7 1/2-1/2

[Event "NCL978 Guildford-BCM"]
[Site "Rd11"]
[Date "1998.05.25"]
[Round "11.5"]
[White "Kennaugh, Charles"]
[Black "Bellin, Robert"]
[Result "0-1"]
[WhiteElo "2295"]
[BlackElo "2365"]
[PlyCount "83"]
[EventDate "1998.05.25"]

1. e4 c5 2. Nc3 Nc6 3. Bb5 Nd4 4. Nf3 Nxb5 5. Nxb5 d6 6. d4 a6 7. Nc3 Bg4 8.
dxc5 dxc5 9. Qe2 e6 10. h3 Bh5 11. Bd2 Qc7 12. g4 Bg6 13. O-O-O Be7 14. Ne1 b5
15. f4 b4 16. Nd5 exd5 17. exd5 f5 18. g5 Qd6 19. Nd3 Qxd5 20. Be3 Qxa2 21.
Bxc5 O-O-O 22. Bxe7 Bh5 23. Qxh5 Nxe7 24. Qe2 Nc6 25. Qe3 Qa1+ 26. Kd2 Qxb2 27.
Qc5 Kc7 28. Rb1 Qd4 29. Qxf5 Rhf8 30. Qg4 Qxf4+ 31. Qxf4+ Rxf4 32. Ke3 Rfd4 33.
Rhf1 Re8+ 34. Kd2 Re7 35. Rf5 a5 36. Rbf1 Kb6 37. R1f3 Ne5 38. Rg3 Nc4+ 39. Kd1
Ne3+ 40. Rxe3 Rxe3 41. Rf7 Rxh3 42. Rxg7 0-1

[Event "NCL978 Guildford-BCM"]
[Site "Rd11"]
[Date "1998.05.25"]
[Round "11.6"]
[White "Cafferty, Bernard"]
[Black "Anderton, Matthew"]
[Result "1-0"]
[WhiteElo "2200"]
[BlackElo "2260"]
[PlyCount "55"]
[EventDate "1998.05.25"]

1. c4 Nf6 2. Nc3 d6 3. g3 g6 4. Bg2 Bg7 5. d4 O-O 6. Nf3 a6 7. O-O Nc6 8. d5
Na7 9. Be3 c5 10. a4 e6 11. dxe6 Bxe6 12. Qd3 Qc7 13. Bf4 Rad8 14. Rfd1 Qb6 15.
a5 Qb4 16. Ra4 b5 17. Rxb4 cxb4 18. Nxb5 axb5 19. cxb5 Bf5 20. Qc4 Rc8 21. Qxb4
Rc5 22. Bxd6 Rxb5 23. Bxf8 Rxb4 24. Bxb4 Nc6 25. Bc3 Ne4 26. Bxg7 Kxg7 27. Nd4
Nxa5 28. g4 1-0

[Event "NCL978 Guildford-BCM"]
[Site "Rd11"]
[Date "1998.05.25"]
[Round "11.8"]
[White "Anderton, David"]
[Black "Ashby, Ann-Marie"]
[Result "1-0"]
[WhiteElo "2200"]
[BlackElo "2115"]
[PlyCount "43"]
[EventDate "1998.05.25"]

1. d4 e6 2. c4 Nf6 3. Nc3 Bb4 4. e3 c5 5. Bd3 O-O 6. Nge2 d5 7. cxd5 cxd4 8.
exd4 Nxd5 9. O-O Nc6 10. Bc2 Re8 11. Qd3 g6 12. Bb3 Bf8 13. Qf3 Nxc3 14. bxc3
Bg7 15. Ng3 Na5 16. Ne4 h6 17. Ba3 Nxb3 18. axb3 Qd5 19. Nf6+ Bxf6 20. Qxf6
Qxb3 21. Bc1 Kh7 22. Qxf7+ 1-0

[Event "NCL978 Invicta Kts-Slough"]
[Site "Rd11"]
[Date "1998.05.25"]
[Round "11.1"]
[White "Sadler, Matthew"]
[Black "Gurevich, Mikhail"]
[Result "1/2-1/2"]
[WhiteElo "2650"]
[BlackElo "2640"]
[PlyCount "71"]
[EventDate "1998.05.25"]

1. d4 f5 2. g3 d6 3. Nf3 g6 4. Bg2 Bg7 5. O-O Nf6 6. b4 O-O 7. Bb2 Ne4 8. Nbd2
a5 9. b5 a4 10. Rb1 c6 11. bxc6 Nxc6 12. c4 Qa5 13. Nxe4 fxe4 14. Nd2 e3 15.
fxe3 Rxf1+ 16. Nxf1 Bf5 17. e4 Bd7 18. Ne3 Qa7 19. Nd5 Rd8 20. e3 e6 21. Nc7
Na5 22. Bh3 Nxc4 23. Bxe6+ Bxe6 24. Nxe6 Re8 25. Nxg7 Kxg7 26. Bc3 b5 27. Rxb5
d5 28. Qb1 Nd6 29. Rb6 Qe7 30. e5 Qg5 31. Rxd6 Qxe3+ 32. Kg2 Qe2+ 33. Kh3 Qh5+
34. Kg2 Qe2+ 35. Kh3 Qh5+ 36. Kg2 1/2-1/2

[Event "NCL978 Invicta Kts-Slough"]
[Site "Rd11"]
[Date "1998.05.25"]
[Round "11.3"]
[White "Nunn, John"]
[Black "Kosten, Anthony"]
[Result "1/2-1/2"]
[WhiteElo "2610"]
[BlackElo "2535"]
[PlyCount "31"]
[EventDate "1998.05.25"]

1. e4 e5 2. Nf3 Nc6 3. Bb5 a6 4. Ba4 Nf6 5. d3 d6 6. O-O b5 7. Bb3 Na5 8. Nc3
Be7 9. Bd2 Nxb3 10. axb3 Bb7 11. Re1 O-O 12. Ne2 Nh5 13. c4 c6 14. d4 exd4 15.
Nexd4 g6 16. Ba5 1/2-1/2